Sheer mischief / (Record no. 330431)
[ view plain ]
| 000 -LEADER | |
|---|---|
| fixed length control field | 01740cam a22003018i 4500 |
| 001 - CONTROL NUMBER | |
| control field | 19745239 |
| 003 - CONTROL NUMBER IDENTIFIER | |
| control field | NUST |
| 005 - DATE AND TIME OF LATEST TRANSACTION | |
| control field | 20170712102030.0 |
| 008 - FIXED-LENGTH DATA ELEMENTS--GENERAL INFORMATION | |
| fixed length control field | 170621s2017 ilu 000 1 eng |
| 010 ## - LIBRARY OF CONGRESS CONTROL NUMBER | |
| LC control number | 2017027751 |
| 020 ## - INTERNATIONAL STANDARD BOOK NUMBER | |
| International Standard Book Number | 9780747268475 |
| 040 ## - CATALOGING SOURCE | |
| Original cataloging agency | DLC |
| Language of cataloging | eng |
| Description conventions | rda |
| Transcribing agency | DLC |
| 042 ## - AUTHENTICATION CODE | |
| Authentication code | pcc |
| 050 00 - LIBRARY OF CONGRESS CALL NUMBER | |
| Classification number | PR6063.A395 |
| Item number | S54 2017 |
| 082 00 - DEWEY DECIMAL CLASSIFICATION NUMBER | |
| Classification number | 823.914 |
| Author Mark | MAN |
| 100 1# - MAIN ENTRY--PERSONAL NAME | |
| Personal name | Mansell, Jill, |
| Relator term | author. |
| 9 (RLIN) | 3241 |
| 245 10 - TITLE STATEMENT | |
| Title | Sheer mischief / |
| Statement of responsibility, etc. | Jill Mansell. |
| 263 ## - PROJECTED PUBLICATION DATE | |
| Projected publication date | 1801 |
| 264 #1 - PRODUCTION, PUBLICATION, DISTRIBUTION, MANUFACTURE, AND COPYRIGHT NOTICE | |
| Place of production, publication, distribution, manufacture | Naperville, IL : |
| Name of producer, publisher, distributor, manufacturer | Sourcebooks Landmark, |
| Date of production, publication, distribution, manufacture, or copyright notice | 2017 |
| 300 ## - PHYSICAL DESCRIPTION | |
| Extent | 504 p. |
| 336 ## - CONTENT TYPE | |
| Content type term | text |
| Content type code | txt |
| Source | rdacontent |
| 337 ## - MEDIA TYPE | |
| Media type term | unmediated |
| Media type code | n |
| Source | rdamedia |
| 338 ## - CARRIER TYPE | |
| Carrier type term | volume |
| Carrier type code | nc |
| Source | rdacarrier |
| 520 ## - SUMMARY, ETC. | |
| Summary, etc. | "It's not that Janey Sinclair isn't happy to see her sister--she just wishes that she could have arrived in a less dramatic fashion. Waking up at seven a.m. to Maxine waiting at the door wearing a borrowed wedding dress and with a police escort wasn't how Janey planned to start her Sunday. Still, life's never dull when Maxine's around, and Janey, who's rebuilding her life, is delighted that her sister's back in town. So when Maxine sets her sights on glamorous fashion photographer Guy Cassidy, Janey knows there's no limit to the mischief her sister will make in order to dispatch the competition. Little do they know that the competition is a lot closer to home than they think..."-- |
| Assigning source | Provided by publisher. |
| 655 #7 - INDEX TERM--GENRE/FORM | |
| Genre/form data or focus term | Love stories. |
| Source of term | gsafd |
| 9 (RLIN) | 418 |
| 906 ## - LOCAL DATA ELEMENT F, LDF (RLIN) | |
| a | 7 |
| b | cbc |
| c | orignew |
| d | 1 |
| e | ecip |
| f | 20 |
| g | y-gencatlg |
| 942 ## - ADDED ENTRY ELEMENTS (KOHA) | |
| Source of classification or shelving scheme | |
| Koha item type | Book |
| Withdrawn status | Lost status | Source of classification or shelving scheme | Damaged status | Not for loan | Permanent Location | Current Location | Shelving location | Date acquired | Total Checkouts | Full call number | Barcode | Date last seen | Date last checked out | Copy number | Price effective from | Koha item type |
|---|---|---|---|---|---|---|---|---|---|---|---|---|---|---|---|---|
| Central Library (CL) | Central Library (CL) | Fiction | 07/12/2017 | 2 | 823.914 MAN | CL1564 | 10/25/2022 | 10/18/2022 | 1 | 07/12/2017 | Book |
